Làm thế nào khi trẻ hiếu động thái quá

Shranjeno v:
Bibliografske podrobnosti
Glavni avtor: Fowler, Mary
Drugi avtorji: Quang Vũ (dịch), Lê, Minh Cẩn (dịch)
Format: Knjiga
Jezik:Vietnamese
Izdano: Hà Nội Phụ nữ 2007
Teme:
Oznake: Označite
Brez oznak, prvi označite!
Thư viện lưu trữ: Trung tâm Học liệu Lê Vũ Hùng, Trường Đại học Đồng Tháp
LEADER 00887aam a22002778a 4500
001 00028473
005 20171026081025.0
008 120328s2007 ||||||viesd
020 |c 32000 
041 0 # |a vie 
082 1 4 |a 618.92  |b L104TH 
100 1 # |a Fowler, Mary 
245 1 0 |a Làm thế nào khi trẻ hiếu động thái quá  |c Mary Fowler ; Dịch: Lê Minh Cẩn, Quang Vũ 
260 # # |a Hà Nội  |b Phụ nữ  |c 2007 
300 # # |a 256tr.  |c 19cm. 
650 # 4 |a Y học 
653 # # |a Bệnh thiếu tập trung 
653 # # |a Điều trị 
653 # # |a Trẻ em 
653 # # |a Suy giảm trí nhớ 
700 0 # |a Quang Vũ  |e dịch 
700 1 # |a Lê, Minh Cẩn  |e dịch 
852 # # |j KD.0013169 
852 # # |b Kho đọc  |j KD.0013169 
910 |d 28/03/2012 
980 # # |a Trung tâm Học liệu Lê Vũ Hùng, Trường Đại học Đồng Tháp